1049-1122 : des papes et des réformes - Statistiques

Statistiques générales
  • Ce quiz a été pris 16 fois
  • Le résultat moyen est 15 sur 54
Statistiques - réponses
Hint Réponse % Correct
Qui est élu en 1073 de son vrai nom Hildebrand ? Grégoire VII
90%
Date du concile de Latran réunit par Nicolas II afin de réserver le droit d'élire un pape qu'aux cardinaux et évêques 1059
70%
Qu'invente Urbain II (1088-1099) comme notion au concile de Clermont en 1095 ? croisade
70%
date du pontificat de Grégoire VII 1073-1085
60%
Quand Pascal II renouvelle l'interdiction de toute investiture par les laïcs et entre en conflit avec le nouveau roi de Germanie (Henri V) ? 1106
60%
Qui devient le premier pape à être élu après ce concile ? (1061-1073) Alexandre II
60%
Qui nomme Brunon de Toul pape (Léon IX 1049-1054) ? Henri III
60%
Quand rédige t-il le Dictatus papae ? (pape est le seul à pouvoir porter les insignes de l'empereur). (mois plus année) mars 1075
60%
Alexandre II s'oppose t-il à cet évènement ? (oui ou non) non
60%
Quelle expression utilise l'Allemagne ? elle se centre sur l'investiture des clercs par les laïcs qui reflète une primauté accordé aux enjeux politiques dans un sens souvent exclusivement institutionnel et idéologique. querelle des investitures
60%
Quand Henri IV se fait encore excommunié ? 1102
50%
Quand Henri V et Calixte II signent la "paix" de Worms qui distingue strictement la temporalia et spiritualia ? 1122
50%
En 1080, Grégoire VII va encore plus loin en jetant sur Henri IV une autre malédiction religieuse, comment s'appelle t-elle ? anathème
50%
Que ce passe t-il d'important en 1215 ? (marquant une étape décisive dans la conception de la définition du dogme de l'Eglise) Concile de Latran IV
50%
Qui était son successeur qui avait une politique de lutte direct sans concession face à l'investiture par les laïcs ? Pascal II
50%
Quels sont les insignes de l'empereur ? tiares, manteau pourpre, sceptre, tour de Rome avec un cheval blanc
50%
date de la diète de Worms convoqué par Brunon de Toul 1048
40%
Qui la reprends dans le contexte de la réforme grégorienne comme un bouleversement systémique marquant toutes les dimensions de la vie sociale (rapports sociaux comme la norme matrimoniale ou questions économiques comme la sacralisation de différents types de biens) ? Mazel
40%
Que propose t-il à la place ? (terme plus général qui prends en compte les changements politiques, laïcs, économiques et seigneuriales) mutation de l'an 1100
40%
Mazel accorde trop d'importance de la place au religieux ou à la politique ? politique
40%
réalité que lorsque Pascal II est capturé par Henri V, Henri V lui obligea de l'accorder le privilège d'investiture, quand ? 1111
30%
Le 22 février Grégoire VII fait une action inouïe face à une grande personne de ce temps, quelle est elle ? excomunication
30%
Quand l'humiliation de Canossa se passe t-elle ? Janvier 1077
30%
Que propose Henriet pour désigner ceux qui voient tout par le prisme de de la réforme grégorienne ? pangrégorianisme
30%
Quels sont les dates du temps long incluant le déploiement des effets du tournant grégorien ? 1049-1215
20%
Quelle chronologie utilise t-elle ? 1075-1122
20%
Qui a déconstruit dans les années 90 l'expression de George Duby "mutation de l'an 1000" Barthélemy
20%
Comment s'appelait-il ? Clément III
20%
Que se passe t-il le 24 janvier 1076 ? (2/3 de l'épiscopat germanique y assiste) Diète de Worms
20%
Henri IV revient en triomphant face à son aristocratie et chasse quelqu'un de Mayence qui était il ? (fonction + affiliation à un partie) évêque grégorien
20%
Qui par son livre "Réforme Grégorienne" a repris et canonisé cette expression ? Fliche
20%
Qui nomme t-il comme nouveau roi de Germanie ? Rodolphe de Souabbe
20%
En quel saison et année Henri IV nomme t-il des fidèles comme évêques ? automne 1075
10%
Comment dit-on réforme grégorienne en Angleterre ? Church Reform
10%
Qui dit "désacralisation du pouvoir royal même si celui-ci ne fut que partiel et provisoire" ? Erkens
10%
Qui a démocratisé l'expression "réforme grégorienne" en 1873 Giraud
10%
Comment dit-on réforme grégorienne en Allemagne ? Kirchenreform
10%
Qui dit qu'il y a une controverse sur les questions d'investitures dans les années 1100/1110 à 1122. Kohl
10%
Qui est à l'origine de l'expression "fait social total" Mauss
10%
Comment dit-on réforme grégorienne en Italie ? reforma ecclesiastica
10%
Pourquoi dans les pays voisins à la France on dit que la France à cette époque n'a pas vraiment connu de révolution ? (Lubich en parle aussi) royauté faible
10%
Où les noment-ils ? Spolète et Fermo
10%
Que réalisa Calixte II après la "paix" de Worms, il le ressent comme un triomphe sur la papauté ? (sur le mur de Latran) une fresque
10%
Mazel propose une nouvelle chronologie en 3 temps, donnez la chronologie de la première qui est sur un temps court, basé sur le paroxysme de l'affrontement entre la papauté et les souverains. 1075-1110
0%
A qui sont réservées les élections épiscopales ? chapitre cathédrale
0%
Comment Mazel appelle ces mutations en profondeurs qui dessinent les contours ? comme le paiement de la dîme. dominium universel de l'Eglise
0%
Que fait Henri IV face à cet évènement ? élection d'un anti-pape
0%
Que veut-il rompre comme cloisonnements épistémologiques et historiographiques ? (exemple histoire religieuse) histoire sociale, politique, économique
0%
Que dit celui ci-dessus à propos de la réforme grégorienne ? (7mots) moralisation de l'Eglise par une papauté réformatrice
0%
Que découle de cet évènement ? nomination d'Honorius II
0%
Que veux l'aristocratie romaine en écrivant à la mère d'Henri IV suite à cette élection ? nommer un anti-pape
0%
Qui explique que la Querelle des Investitures a été un changement d'ordonnancement du monde" ? Dépassant les termes de simonie et de nicolaïsme par exemple. Tallenbach
0%
Sur quoi est basé le temps moyen autour du tournant grégorien de 1049 à 1123 ? temps d'inflexion entre le 1er et le 2nd Moyen Age
0%
Qui pense à la refonte ecclésiale et la redistribution des rôles entre clercs et laïcs comme un bouleversement de l'ensemble des structures politiques de la société médiévale ? Ullman
0%
Aucun quiz correspondant
Distribution des résultats
% des personnes avec chaque résultat
Percentile par nombre de réponses
Votre historique - résultats
Vous n’avez pas pris ce quiz